| 000 | 01082 a2200217 4500 | ||
|---|---|---|---|
| 003 | Nust | ||
| 005 | 20221014121201.0 | ||
| 010 | _a 74016002 | ||
| 020 | _a0914468006 : | ||
| 040 | _cNust | ||
| 082 | 0 | 0 | _a604.2,LOC |
| 100 | 1 |
_aLockard, William Kirby, _9100322 |
|
| 245 | 1 | 0 |
_aDesign drawing experiences / _cWilliam Kirby Lockard. |
| 260 |
_aTucson, Ariz. : _bPepper Pub., _c1975. |
||
| 300 |
_a101, [20] leaves : _bill. ; _c22 x 29 cm. |
||
| 505 | _aIntroduction (Page-2),Visual Metaphors (Page-9),Conceptual Doodles (Page-14),Ways Of Drawing (Page-19),Spatial Structure (Page-28),Light (Page-40),Materials (Page-49),Reflections (Page-54),Context (Page-62),Humanizing Elements (Page-67),Figures (Page-71),Functional Objects Or Environments (Page-76),Drawings Interest (Page-81),Lines And Tons Payoff (Page-87),Refinements (Page-97),Emphasis (Page-103),Black And White On Colored Middleton (Page-109),Ozalid Prints (Page-110). | ||
| 650 | 0 |
_aArchitectural drawing. _925520 |
|
| 650 | 0 |
_aArchitectural rendering. _9100323 |
|
| 650 | 0 |
_aDrawing. _928332 |
|
| 942 |
_2ddc _cBK |
||
| 999 |
_c185841 _d185841 |
||